Today's Isms / (Record no. 1477)
[ view plain ]
| 000 -LEADER | |
|---|---|
| fixed length control field | 01939nam a2200277 a 4500 |
| 003 - CONTROL NUMBER IDENTIFIER | |
| control field | PILC |
| 005 - DATE AND TIME OF LATEST TRANSACTION | |
| control field | 20260310203200.0 |
| 008 - FIXED-LENGTH DATA ELEMENTS--GENERAL INFORMATION | |
| fixed length control field | 070802s1958 xx 00 eng d |
| 010 ## - LIBRARY OF CONGRESS CONTROL NUMBER | |
| LC control number | Acc#3496 |
| 040 ## - CATALOGING SOURCE | |
| Transcribing agency | Philippine Baptist Theological Seminary |
| 050 ## - LIBRARY OF CONGRESS CALL NUMBER | |
| Classification number | PN 18 |
| Item number | E25 1958 |
| 100 10 - MAIN ENTRY--PERSONAL NAME | |
| Personal name | Ebenstein, William |
| 245 10 - TITLE STATEMENT | |
| Title | Today's Isms / |
| Statement of responsibility, etc. | William Ebenstein. |
| 250 ## - EDITION STATEMENT | |
| Edition statement | 2nd edition |
| 260 0# - PUBLICATION, DISTRIBUTION, ETC (IMPRINT) | |
| Place of publication, distribution, etc. | Englewood Cliffs, NJ : |
| Name of publisher, distributor, etc. | Prentice-Hall, Inc., |
| Date of publication, distribution, etc. | ©1958. |
| 300 ## - PHYSICAL DESCRIPTION | |
| Extent | ix, 243 pages ; |
| Dimensions | 21 cm. |
| 500 ## - GENERAL NOTE | |
| General note | Includes index |
| 505 ## - FORMATTED CONTENTS NOTE | |
| Formatted contents note | Part 1: The totalitarian way of life -- 1. Totalitarian communism -- The economic interpretation of history -- Dynamics of social change -- Revolution the only way out -- Economic contradictions of capitalism -- The role of the salariat -- Lenin's contribution to the theory of communism -- Communist doctrine and policy today -- Social - economic changes under communism -- Sources of strength in communism -- Sources of weakness in communism -- Revolts against soviet communism -- The issue of communism -- Part 2: The democratic way of life -- 3. Democratic capatlism -- Two conceptions of democracy -- Democracy as a way of life -- Conditions of political democracy -- Psychological roots of democracy -- Individual freedom and national security -- Classical capatalism -- Stresses and strains in modern capatalism -- Sources od strength of capatalist democracy -- Why socialism has not spread in the united states -- The welfare state -- 4. Democratic socialism -- Historical background -- Robert owen: Capatlist- socialist -- Socialism and democracy -- Socialism versus communism -- Elements of socialist thought and policy -- Problems of nationalization -- The impasse of socialism today |
| 650 ## - SUBJECT ADDED ENTRY--TOPICAL TERM | |
| Topical term or geographic name as entry element | COMMUNISM |
| 650 ## - SUBJECT ADDED ENTRY--TOPICAL TERM | |
| Topical term or geographic name as entry element | FASCISM |
| 650 #4 - SUBJECT ADDED ENTRY--TOPICAL TERM | |
| Topical term or geographic name as entry element | SOCIALISM |
| 650 #4 - SUBJECT ADDED ENTRY--TOPICAL TERM | |
| Topical term or geographic name as entry element | CAPITALISM |
| 650 #4 - SUBJECT ADDED ENTRY--TOPICAL TERM | |
| Topical term or geographic name as entry element | COMPARATIVE GOVERNMENTS |
| 650 #4 - SUBJECT ADDED ENTRY--TOPICAL TERM | |
| Topical term or geographic name as entry element | COMPARATIVE ECONOMICS |
| 942 ## - ADDED ENTRY ELEMENTS (KOHA) | |
| Koha item type | Circulation Books |
| Source of classification or shelving scheme | Library of Congress Classification |
| Withdrawn status | Lost status | Source of classification or shelving scheme | Damaged status | Not for loan | Home library | Current library | Shelving location | Date acquired | Cost, normal purchase price | Total Checkouts | Full call number | Barcode | Date last seen | Price effective from | Koha item type |
|---|---|---|---|---|---|---|---|---|---|---|---|---|---|---|---|
| Dewey Decimal Classification | PBTS Library | PBTS Library | Circulation Section | 08/02/2007 | 0.55 | PN 18 E25 1958 | 3496 | 02/18/2026 | 04/02/2015 | Circulation Books |